[Event "London SCCU op"]
[Site "London"]
[Date "1995.08.??"]
[Round "3"]
[White "Gufeld, Eduard"]
[Black "Britton, Richard"]
[Result "1-0"]
[WhiteElo "2440"]
[BlackElo "2320"]

1.e4 c5 2.Nf3 d6 3.d4 cxd4 4.Nxd4 Nf6 5.Nc3 a6 6.Be3 e5 7.Nb3 Be7 8.f3 Be6
9.Qd2 O-O 10.O-O-O a5 11.Bb5 Nc6 12.Kb1 Qb8 13.Nd5 Bxd5 14.exd5 a4 15.dxc6 axb3
16.cxb3 d5 17.Rc1 d4 18.Bg5 Rc8 19.Qd3 Qa7 20.a4 bxc6 21.Rxc6 Rxc6 22.Bxc6 Rd8
23.Rc1 Nd5 24.Bd2 Ne3 25.g4 g6 26.a5 Rb8 27.a6 Bb4 28.Bb7 Bxd2 29.Qxd2 Rxb7
30.axb7 Qxb7 31.Qa5 Qxf3 32.Rc8+ Kg7 33.Qxe5+ Kh6 34.Qxd4 Nxg4 35.Rc3 Qf1+
36.Ka2 Qa6+ 37.Qa4 Qe6 38.Qc4 Qf5 39.b4 Ne5 40.Qd5 f6 41.b5  1-0

[Event "Alma Ata"]
[Site "Alma Ata"]
[Date "1995.??.??"]
[Round "1"]
[White "Varavin, Viktor"]
[Black "Irzhanov, Ruslan"]
[Result "1/2-1/2"]
[WhiteElo "2520"]
[BlackElo "2440"]

1.e4 c5 2.Nf3 d6 3.d4 cxd4 4.Nxd4 Nf6 5.Nc3 a6 6.Be3 e5 7.Nb3 Be7 8.f3 Be6
9.Qd2 Nbd7 10.g4 h6 11.O-O-O b5 12.h4 Nb6 13.Qf2 Nc4 14.Bxc4 bxc4 15.Nc5 Nd7
16.Nxd7 Qxd7 17.Bc5 Rb8 18.Ba3 O-O 19.Nd5 Bxd5 20.Rxd5 c3 21.b3 Rb5 22.Rhd1 Qd8
23.Rxb5 axb5 24.Bb4 Bxh4 25.Qe2 Qb6 26.Kb1 Bg5 27.Qd3 Rc8 28.a3 Bd2 29.Qxd6 Qxd6
30.Bxd6 f6 31.b4 Kf7 32.Ka2 Kg6 33.Bc5 Kg5 34.Kb3 Kf4 35.Rf1 Ra8 36.Be7 Ra6
37.Bf8 Ra7 38.Bc5 Ra8 39.Be7 Ke3 40.Bc5+ Kf4 41.Be7  1/2-1/2

[Event "Alma Ata"]
[Site "Alma Ata"]
[Date "1995.??.??"]
[Round "3"]
[White "Zagrebelny, Sergey"]
[Black "Kaiumov, Dmitry D"]
[Result "1-0"]
[WhiteElo "2510"]
[BlackElo "2435"]

1.e4 c5 2.Nf3 d6 3.d4 cxd4 4.Nxd4 Nf6 5.Nc3 a6 6.Be3 e5 7.Nb3 Be6 8.Qd2 Nbd7
9.O-O-O b5 10.f3 Rc8 11.g4 h6 12.Kb1 Nb6 13.Qf2 Nfd7 14.Nd5 Bxd5 15.exd5 Nc4
16.Bxc4 bxc4 17.Nc1 Be7 18.h4 O-O 19.Ne2 Nc5 20.Nc3 Qd7 21.f4 exf4 22.Qxf4 Bf6
23.Bd4 Bxd4 24.Rxd4 Na4 25.Nxa4 Qxa4 26.Qxd6 Rfe8 27.Qh2 Rc5 28.Qd2 c3 29.Qxc3 Rxc3
30.Rxa4 Rh3 31.Rd1 Rxh4 32.b3 f5 33.gxf5 Rxa4 34.bxa4 Kf7 35.Kb2 Re4 36.Kb3 Ke7
37.c4 Kd6 38.Kb4 Rf4 39.Rg1 a5+ 40.Kb5 Rxf5 41.Rxg7  1-0

[Event "Antwerp op"]
[Site "Antwerp"]
[Date "1995.??.??"]
[Round "9"]
[White "Dutreeuw, Marc"]
[Black "Khenkin, Igor"]
[Result "0-1"]
[WhiteElo "2370"]
[BlackElo "2555"]

1.e4 c5 2.Nf3 d6 3.d4 Nf6 4.Nc3 cxd4 5.Nxd4 a6 6.Be3 Qc7 7.Qd2 e6 8.f3 h5
9.Bd3 Nbd7 10.O-O Be7 11.a4 b6 12.Qf2 Bb7 13.Nb3 h4 14.h3 Nc5 15.Nd2 Rc8
16.Rfd1 O-O 17.Nc4 d5 18.exd5 Nxd5 19.Nxd5 Bxd5 20.Bf1 a5 21.Na3 Rfd8 22.Nb5 Qb8
23.Nc3 Bc6 24.Bb5 Bxb5 25.axb5 Qe5 26.Bd4 Qf5 27.Qe2 Rxd4 28.Rxd4 Nb3 29.Rdd1 Nxa1
30.Rxa1 Bf6 31.Ne4 Bxb2 32.Ra2 Bd4+ 33.Kh1 Qf4 34.Qd2 Qxd2 35.Nxd2 f5 36.Nb3 Bc3
37.Ra4 Bb4 38.Ra1 Kf7 39.Rc1 Ba3 40.Ra1 Bb2 41.Ra2 Rxc2  0-1

[Event "AUT-chT2O 9495"]
[Site "?"]
[Date "1995.??.??"]
[Round "?"]
[White "Hofbauer, Martin"]
[Black "Prager, Manfred"]
[Result "1-0"]
[WhiteElo "2265"]
[BlackElo "2225"]

1.e4 c5 2.Nf3 d6 3.d4 cxd4 4.Nxd4 Nf6 5.Nc3 a6 6.Be3 e6 7.f3 Be7 8.Qd2 Qc7
9.g4 Nc6 10.O-O-O b5 11.Kb1 Na5 12.Ndxb5 axb5 13.Nxb5 Qb8 14.Nxd6+ Bxd6 15.Qxd6 Qxd6
16.Rxd6 O-O 17.Bb5 Nb7 18.Rd2 h6 19.Rhd1 e5 20.c4 Be6 21.Bc6 Rab8 22.Bxb7 Rxb7
23.c5 Rc7 24.b4 Bc4 25.Kb2 Ra8 26.Rd8+ Rxd8 27.Rxd8+ Kh7 28.a4 Be2 29.b5 Bxf3
30.b6 Re7 31.c6 Bxe4 32.c7 Bb7 33.Rb8 Ba6 34.Ra8 Bb7 35.Ra7  1-0

[Event "AUT-chT2S 9495"]
[Site "?"]
[Date "1995.??.??"]
[Round "2"]
[White "Kronig, G."]
[Black "Pfaffel, Thomas"]
[Result "0-1"]
[WhiteElo "2050"]
[BlackElo "2115"]

1.e4 c5 2.Nf3 d6 3.d4 cxd4 4.Nxd4 Nf6 5.Nc3 a6 6.Be3 e5 7.Nb3 Qc7 8.Be2 Nbd7
9.O-O b5 10.f4 Bb7 11.Bf3 b4 12.Nd5 Bxd5 13.exd5 e4 14.Re1 Be7 15.Bg4 Nxg4
16.Qxg4 Nf6 17.Qe2 O-O 18.Bd4 Rfe8 19.c4 bxc3 20.bxc3 Nxd5 21.Qxe4 Nxc3 22.Qf3 Nb5
23.Bb2 Bf8 24.f5 Qc2 25.Qf2 Rxe1+ 26.Rxe1 Rc8 27.Rc1 Qxf2+ 28.Kxf2 Rxc1 29.Nxc1 d5
30.Nd3 Bd6 31.g3 f6 32.a4 Na7 33.Nf4 Bxf4 34.gxf4 Nc6 35.Ke3 Kf7 36.Kf3 h5
37.Ke3 g6 38.fxg6+ Kxg6 39.Kf3 Kf5 40.Bc3 d4 41.Bd2 Ke6 42.Kg3 Kd5 43.Kh4 Ke4
44.Bc1 d3 45.Kxh5 Nd4  0-1

[Event "AUT-chT2S 9495"]
[Site "?"]
[Date "1995.??.??"]
[Round "4"]
[White "Wallner, Walter"]
[Black "Hoffmann, Erich"]
[Result "0-1"]
[WhiteElo "2190"]
[BlackElo "2070"]

1.e4 c5 2.Nf3 d6 3.d4 cxd4 4.Nxd4 Nf6 5.Nc3 a6 6.Be3 Qc7 7.Be2 e6 8.O-O Be7
9.f4 b5 10.a3 Bb7 11.Bf3 Nbd7 12.Qe2 Rc8 13.g4 Nb6 14.g5 Nfd7 15.Rad1 g6
16.Qg2 Nc4 17.Bc1 e5 18.Nde2 Qc5+ 19.Qf2 exf4 20.Qxc5 Rxc5 21.Bxf4 Nxb2 22.Rb1 Nc4
23.a4 Bxg5 24.axb5 Bxf4 25.Nxf4 Nd2 26.Na4 Rg5+ 27.Kf2 axb5 28.Rg1 Rxg1 29.Rxb5 Rf1+
30.Ke2 Ba6  0-1

[Event "AUT-chT2S 9495"]
[Site "?"]
[Date "1995.??.??"]
[Round "9"]
[White "Horvath, Tamas"]
[Black "Beck, Hartmuth"]
[Result "1-0"]
[WhiteElo "2435"]
[BlackElo "2285"]

1.e4 c5 2.Nf3 d6 3.d4 cxd4 4.Nxd4 Nf6 5.Nc3 a6 6.Be3 Ng4 7.Bg5 h6 8.Bc1 e5
9.Nf5 Nf6 10.Bc4 b5 11.Bb3 b4 12.Nd5 Nxe4 13.Ba4+ Bd7 14.Bxd7+ Nxd7 15.Qf3 Ndf6
16.Nxf6+ Nxf6 17.Qc6+ Nd7 18.O-O Ra7 19.Be3 Qc7 20.Qf3 Rb7 21.Rfd1 Rb8 22.Rd2 g6
23.Nxd6+ Bxd6 24.Rad1 O-O 25.Rxd6 Rfd8 26.Qd5 Rb7 27.Rxg6+ Kf8 28.Bxh6+ Ke7
29.Bg5+  1-0

[Event "AUT-chT9495"]
[Site "?"]
[Date "1995.??.??"]
[Round "?"]
[White "Mohr, Georg"]
[Black "Balinov, Ilija"]
[Result "1-0"]
[WhiteElo "2430"]
[BlackElo "2340"]

1.e4 c5 2.Nf3 d6 3.d4 Nf6 4.Nc3 cxd4 5.Nxd4 a6 6.Be3 Ng4 7.Bg5 h6 8.Bh4 g5
9.Bg3 Nc6 10.Be2 Nge5 11.Nb3 Bd7 12.h4 g4 13.h5 Bg7 14.Nd5 a5 15.c3 a4 16.Nd2 Qa5
17.a3 Rg8 18.Bf4 e6 19.Ne3 Bf8 20.Bg3 Qc5 21.Ndc4 Be7 22.Nxe5 dxe5 23.Bxg4 Bg5
24.Nc2 Na5 25.Qf3 Bb5 26.Rd1 Ke7 27.Nb4 Rad8 28.Nd3 Bxd3 29.Rxd3 Rxd3 30.Qxd3 Rd8
31.Qb1 Nb3 32.Be2 Rd2 33.Bh4 Bxh4 34.Rxh4 Qd6 35.Rh3 Nc5 36.Qc1 Nb3 37.Qb1 Nc5
38.Bd1 Nb3 39.Bxb3 axb3 40.Re3 f6 41.Re2 Rd3 42.Qc1 Kd7 43.Re3 Kc7 44.Ke2 Rxe3+
45.Qxe3 Qc6 46.Qd3 b5 47.Qg3 Kd8 48.Qg6 Qc4+ 49.Ke3 Ke7 50.Qg7+ Kd6 51.Qxh6 Qf1
52.Kf3 Qd1+ 53.Kg3 Qe2 54.Qf8+ Kd7 55.h6 Qxe4 56.Qf7+ Kd6 57.Qxf6 Qb1 58.Kh2 Qc2
59.g4 Qb1 60.g5 Qh7 61.Kg3 Qb1 62.Qd8+ Kc6 63.Qc8+ Kd6 64.Qb8+ Kc6 65.Qxe5 Qg1+
66.Kf3 Qh1+ 67.Ke2 Qh5+ 68.Ke3 Qh3+ 69.Kd4 Kb6 70.Qe4 Qh2 71.Qxe6+ Ka5 72.Qf6 Qh1
73.g6 Qxh6 74.Kc5 Qh5+ 75.Kc6 b4 76.Qd8+ Ka4 77.Qa8+ Qa5 78.Qxa5+ Kxa5 79.axb4+ Ka4
80.b5  1-0

[Event "AUT-chT9495"]
[Site "?"]
[Date "1995.??.??"]
[Round "?"]
[White "Mohr, Georg"]
[Black "Postl, Anton"]
[Result "1-0"]
[WhiteElo "2430"]
[BlackElo "2320"]

1.e4 c5 2.Nf3 d6 3.d4 cxd4 4.Nxd4 Nf6 5.Nc3 a6 6.Be3 e6 7.Be2 Be7 8.O-O O-O
9.f4 Qc7 10.a4 b6 11.Bf3 Bb7 12.Qe2 Nc6 13.Nb3 Rfe8 14.g4 Nd7 15.g5 Bf8 16.Rad1 Rab8
17.Qf2 Ba8 18.Be2 Nb4 19.Bf3 Nc5 20.Nd4 g6 21.f5 e5 22.Nb3 Nxb3 23.cxb3 d5
24.exd5 gxf5 25.d6 Bxd6 26.Bxa8 Rxa8 27.Qxf5 Bc5 28.Bxc5 Qxc5+ 29.Rf2 Re7
30.Ne4 Qc8 31.Nf6+ Kf8 32.Qxh7 Rc7 33.g6  1-0

[Event "AUT-chT9495"]
[Site "?"]
[Date "1995.??.??"]
[Round "?"]
[White "Schlosser, Michael"]
[Black "Cigan, Stefan"]
[Result "0-1"]
[WhiteElo "2370"]
[BlackElo "2365"]

1.e4 c5 2.Nf3 d6 3.d4 cxd4 4.Nxd4 Nf6 5.Nc3 a6 6.Be3 e6 7.f3 b5 8.g4 Bb7
9.g5 Nfd7 10.h4 Nb6 11.a3 N8d7 12.f4 Na4 13.Nxa4 Bxe4 14.Rh2 bxa4 15.Qg4 h5
16.Qe2 Nc5 17.Bg2 Bxg2 18.Qxg2 d5 19.g6 f6 20.Nxe6 Nxe6 21.O-O-O Nc7 22.Bb6 Bd6
23.Bxc7 Qxc7 24.Qxd5 O-O-O 25.Qa8+ Kd7 26.Qxa6 Qc6 27.Qa7+ Kc8 28.Kb1 Bxf4
29.Rxd8+ Rxd8  0-1

[Event "AUT-chT9495"]
[Site "?"]
[Date "1995.??.??"]
[Round "?"]
[White "Singer, Christoph"]
[Black "Schumi, Manfred"]
[Result "1/2-1/2"]
[WhiteElo "2230"]
[BlackElo "2215"]

1.e4 c5 2.Nf3 d6 3.d4 cxd4 4.Nxd4 Nf6 5.Nc3 a6 6.Be3 e5 7.Nb3 Be6 8.Nd5 Nbd7
9.f3 Nxd5 10.exd5 Bf5 11.Bd3 Bxd3 12.Qxd3 Be7 13.O-O O-O 14.Qd2 Rc8 15.Na5 Qc7
16.c4 Bd8 17.b4 Qb8 18.Rfc1 Bxa5 19.bxa5 Nc5 20.Rab1 Qc7 21.Rc2 Rfe8 22.Qb4 Re7
23.Bxc5 Qxc5+ 24.Qxc5 Rxc5 25.Rb6 Rd7 26.Rcb2 Kf8 27.Rxb7 Rxb7 28.Rxb7 Rxc4
29.Rb8+ Ke7 30.Rb7+ Ke8 31.Rb8+ Kd7 32.Rb7+ Rc7 33.Rb6 Rc5 34.Rb7+ Ke8 35.Rb6 Rxd5
36.Rxa6 Ke7 37.h3 Rd1+ 38.Kh2 Rd2 39.a3 Ra2 40.Rb6 Rxa3 41.a6 Ke6 42.Kg1 g6
43.Kf2 f5 44.Ke2 e4 45.fxe4 fxe4 46.Kd2 Kd5 47.g4 Kc5 48.Rb7 Rxa6 49.Ke3 d5
50.Rxh7 g5 51.h4 Ra3+ 52.Kf2 gxh4 53.Rxh4 Rf3+ 54.Kg2 Rf8 55.g5 e3 56.g6 e2
57.Rh1 Kd4 58.g7 Rg8 59.Kf2 Kd3 60.Rh3+ Kd2 61.Re3 Rxg7 62.Rxe2+ Kd3 63.Re3+ Kd4
64.Re2 Ra7 65.Rd2+ Kc4 66.Ke2 Ra1 67.Rc2+ Kd4 68.Rd2+ Ke4 69.Rb2 Rh1 70.Rb3 Kd4
71.Kd2 Rh2+ 72.Kd1 Kc4 73.Rg3 d4 74.Rf3 Rb2 75.Rh3  1/2-1/2

[Event "AUT-chT2S 9596"]
[Site "AUT"]
[Date "1995.??.??"]
[Round "?"]
[White "Steiner, Bruno"]
[Black "Klocker, Hartmut"]
[Result "1-0"]
[WhiteElo "2200"]
[BlackElo "2205"]

1.e4 c5 2.Nf3 d6 3.d4 cxd4 4.Nxd4 Nf6 5.Nc3 a6 6.Be3 Ng4 7.Bc4 Nxe3 8.fxe3 Nd7
9.O-O Ne5 10.Bb3 e6 11.Nf3 Qc7 12.Nxe5 dxe5 13.Qg4 g6 14.Rad1 Bd7 15.Qf3 Bc8
16.Qf6 Rg8 17.Rd8+ Qxd8 18.Qxf7+  1-0

[Event "AUT-chT2O 9596"]
[Site "AUT"]
[Date "1995.??.??"]
[Round "5"]
[White "Sandor, Christian"]
[Black "Weber, Gerold"]
[Result "1-0"]
[WhiteElo "2380"]
[BlackElo "2350"]

1.e4 c5 2.Nf3 d6 3.d4 cxd4 4.Nxd4 Nf6 5.Nc3 a6 6.Be3 Nbd7 7.f3 g6 8.Qd2 e5
9.Nb3 Qc7 10.g4 h6 11.O-O-O Nb6 12.Bxb6 Qxb6 13.Bc4 Be6 14.Nd5 Bxd5 15.Bxd5 Rc8
16.h4 Be7 17.Kb1 Kf8 18.Nc1 Kg7 19.Bb3 h5 20.Qg2 Qc6 21.g5 Nd7 22.Ne2 b5
23.Nc3 a5 24.a4 bxa4 25.Bxa4 Qb7 26.Qd2 Nc5 27.Qd5 Rb8 28.Qxb7 Rxb7 29.b3 Rhb8
30.Kb2 Ne6 31.Rd5 Nc5 32.Ra1 Rb4 33.Rd2 Rd4 34.Rxd4 exd4 35.Nd5 Bd8 36.Ka3 Na6
37.Kb2 Nb4 38.Nxb4 Rxb4 39.Bc6 Rb8 40.Bd5 Rc8 41.Bc4 Bb6 42.Ka3 f6 43.f4 Rf8
44.Rf1 Bc5+ 45.Ka4 Bb4 46.f5 Bd2 47.gxf6+ Rxf6 48.Rd1 Bc3 49.Be6 Kh6 50.Rg1 gxf5
51.exf5 Rf8 52.Kb5 Bd2 53.Kc6 Bf4 54.Kd7 Be5 55.Ke7 Rb8 56.Bd7 Rb7 57.Ke6 d3
58.cxd3 Rxb3 59.f6 Rxd3 60.Rg8 Kh7 61.f7 Bg7 62.f8=Q Re3+ 63.Kxd6 Bxf8+ 64.Rxf8 Rd3+
65.Ke7 Kg7 66.Rf7+ Kh8 67.Kf6 Rd6+ 68.Be6 Rb6 69.Re7  1-0

[Event "Bad Endbach"]
[Site "Bad Endbach"]
[Date "1995.??.??"]
[Round "?"]
[White "Kaminski, Marcin"]
[Black "Gutman, Lev"]
[Result "0-1"]
[WhiteElo "2455"]
[BlackElo "2470"]

1.e4 c5 2.Nf3 d6 3.d4 cxd4 4.Nxd4 Nf6 5.Nc3 a6 6.Be3 e5 7.Nb3 Be7 8.f3 Be6
9.Qd2 O-O 10.O-O-O b5 11.g4 b4 12.Nd5 Bxd5 13.exd5 a5 14.Kb1 a4 15.Nc1 Qa5
16.g5 Nfd7 17.h4 Na6 18.h5 Nac5 19.Bh3 Nb6 20.b3 axb3 21.cxb3 Nba4 22.bxa4 Nxa4
23.Ka1 Nc3 24.Rh2 b3 25.Rg1 Rfb8 26.Qb2 Nxa2 27.Nxa2 bxa2 28.Qd2 Rb1+ 29.Rxb1 axb1=Q+
30.Kxb1 Qa1+ 31.Kc2 Ra2+ 32.Kd3 Rxd2+ 33.Rxd2 Qa6+ 34.Kc2 Qc4+ 35.Kb2 Qh4
36.Bg4 Bxg5 37.Rc2 g6 38.Rc8+ Kg7 39.hxg6 hxg6 40.Bxg5 Qxg5  0-1

[Event "Wch Seniors"]
[Site "Bad Liebenzell"]
[Date "1995.??.??"]
[Round "9"]
[White "Rosen, Willy"]
[Black "Gruzmann, Boris"]
[Result "1-0"]
[WhiteElo "2260"]
[BlackElo "2260"]

1.e4 c5 2.Nf3 a6 3.Nc3 d6 4.d4 cxd4 5.Nxd4 Nf6 6.Be3 e5 7.Nb3 Be6 8.Qd2 Be7
9.f3 O-O 10.O-O-O Nc6 11.g4 Rc8 12.Kb1 Re8 13.h4 Nd7 14.g5 Bf8 15.Nd5 b5
16.h5 Ne7 17.Bh3 Nxd5 18.exd5 Bxh3 19.Rxh3 Nb6 20.Bxb6 Qxb6 21.Na5 e4 22.Nc6 e3
23.Qe2 Qxc6 24.b4 Qc3 25.Rh4 Rc6 26.dxc6 d5 27.Rd3 Qe5 28.Rhd4 Qxg5 29.Rxd5 Qg3
30.Kb2 Qf4 31.c3 g6 32.R5d4 Qg5 33.c7 Rc8 34.Qxe3 Qxe3 35.Rxe3 Rxc7 36.Re8 f5
37.Rdd8 Rf7 38.hxg6 hxg6 39.Re6 Kh7 40.Rxa6 Bg7 41.a4 bxa4 42.Rxa4 Rc7 43.Rd3 Kh6
44.Kb3 Kg5 45.b5 Rb7 46.Rd5 Bf8 47.Ra6 Be7 48.c4 Kf4 49.Rxg6 Ra7 50.b6 Ra1
51.Rb5  1-0

[Event "Balatonbereny"]
[Site "Balatonbereny"]
[Date "1995.??.??"]
[Round "3"]
[White "Fogarasi, Tibor"]
[Black "Gyimesi, Zoltan"]
[Result "0-1"]
[WhiteElo "2515"]
[BlackElo "2525"]

1.e4 c5 2.Nf3 d6 3.d4 cxd4 4.Nxd4 Nf6 5.Nc3 a6 6.Be3 e6 7.Qd2 b5 8.f3 Nbd7
9.g4 h6 10.h4 b4 11.Nce2 d5 12.Bh3 dxe4 13.g5 hxg5 14.hxg5 exf3 15.Ng3 Bb7
16.O-O-O Ne4 17.Nxe4 Bxe4 18.Nxe6 fxe6 19.Bxe6 Nc5 20.Qe1 Rxh1 21.Rxd8+ Rxd8
22.Qxh1 Nxe6 23.Qh3 Kd7 24.Qg4 Bc6 25.Qf5 Bd6 26.Qa5 Bb5 27.Qb6 Rb8 28.Qa7+ Bc7
29.Bd2 f2 30.Qxf2 Rf8 31.Qh4 Rf1+ 32.Be1 Bf4+ 33.Kd1 Nd4  0-1

[Event "Balatonbereny-B"]
[Site "Balatonbereny"]
[Date "1995.??.??"]
[Round "3"]
[White "Horvath, Tamas"]
[Black "Thallinger, Harald"]
[Result "1-0"]
[WhiteElo "2425"]
[BlackElo "2280"]

1.e4 c5 2.Nf3 d6 3.d4 cxd4 4.Nxd4 Nf6 5.Nc3 a6 6.Be3 b5 7.a4 b4 8.Nd5 Nxd5
9.exd5 Bb7 10.Bc4 Nd7 11.a5 g6 12.O-O Bg7 13.Qd2 Rb8 14.Nc6 Bxc6 15.dxc6 Nc5
16.Bxc5 dxc5 17.Qf4  1-0

[Event "Balatonbereny op"]
[Site "Balatonbereny"]
[Date "1995.??.??"]
[Round "3"]
[White "Madl, Ildiko"]
[Black "Tobor, Detlef"]
[Result "0-1"]
[WhiteElo "2370"]
[BlackElo "2160"]

1.e4 c5 2.Nf3 d6 3.d4 cxd4 4.Nxd4 Nf6 5.Nc3 a6 6.Be3 e5 7.Nf3 Qc7 8.a4 Be6
9.Be2 Be7 10.a5 Nbd7 11.O-O Rc8 12.Nd5 Nxd5 13.exd5 Bf5 14.c4 O-O 15.b4 Bg4
16.Nd2 Bxe2 17.Qxe2 f5 18.f3 Qd8 19.Nb3 Bg5 20.c5 Bxe3+ 21.Qxe3 Nf6 22.Rfd1 Qd7
23.Rac1 Rfe8 24.Qe2 Qa4 25.Qc4 Red8 26.c6 bxc6 27.dxc6+ d5 28.c7 dxc4 29.Rxd8+ Kf7
30.Rxc8 Qd7 31.Ra8 Qxc7 32.Nc5 Qd6 33.Ra7+ Kg6 34.Rxa6 Qd4+ 35.Kf1 c3 36.Rb6 Qd2
37.Nb3 Qd3+ 38.Kf2 c2 39.a6 f4 40.Rc6 Qxb3 41.R1xc2 Qe3+ 42.Kf1 Qd3+ 43.Ke1 Kf5
44.R2c5 Nd5 45.Rd6 Qb1+ 46.Ke2 Qb2+ 47.Kd3 Nxb4+ 48.Kc4 Nxa6 49.Rcc6 Qb4+
50.Kd3 Nc5+ 51.Ke2 Qb2+ 52.Kd1 Qxg2  0-1

[Event "Barbera del Valles op"]
[Site "Barbera del Valles"]
[Date "1995.??.??"]
[Round "5"]
[White "Magem Badals, Jorge"]
[Black "Gual Pascual, Antonio"]
[Result "1-0"]
[WhiteElo "2560"]
[BlackElo "2350"]

1.e4 c5 2.Nf3 d6 3.d4 cxd4 4.Nxd4 Nf6 5.Nc3 a6 6.Be3 e5 7.Nb3 Be7 8.f3 Qc7
9.Qd2 b5 10.O-O-O Nbd7 11.g4 b4 12.Ne2 a5 13.Kb1 g6 14.Ng3 h5 15.g5 Nh7 16.h4 Nhf8
17.f4 exf4 18.Bxf4 Ne6 19.Bxd6 Qxd6 20.Qxd6 Bxd6 21.Rxd6 Ke7 22.Rd5 a4 23.Nc1 Ndc5
24.Nd3 Nxd3 25.Bxd3 Bd7 26.Bb5 Rhd8 27.Bxd7 Rxd7 28.Rhd1 Rad8 29.Ne2 Nc7
30.R5d3 Ne6 31.Rd5 Nc7 32.Rxd7+ Rxd7 33.Rxd7+ Kxd7 34.Kc1 Nb5 35.Kd2 a3 36.bxa3 Nxa3
37.c3 Nc4+ 38.Kd3 Ne5+ 39.Ke3 bxc3 40.Nxc3 Kc6 41.Nb1 Kc5 42.Nd2 Nc6 43.a3 Ne5
44.Nf3 Nc6 45.Kd3 Nd8 46.Kc3 Kd6 47.Kc4 Nb7 48.a4 Ke6 49.Kb5 Nd6+ 50.Kc6 Nxe4
51.a5 Nd6 52.a6  1-0

[Event "Regionalliga SO9596"]
[Site "Bayern"]
[Date "1995.??.??"]
[Round "?"]
[White "Heiduczek, Josef"]
[Black "Gibis, Reinhard"]
[Result "0-1"]
[WhiteElo "2050"]
[BlackElo "2030"]

1.e4 c5 2.Nf3 d6 3.d4 cxd4 4.Nxd4 Nf6 5.Nc3 a6 6.Be3 e5 7.Nb3 Be6 8.Be2 Be7
9.f4 exf4 10.Bxf4 Nc6 11.Nd4 Nxd4 12.Qxd4 Rc8 13.O-O-O Rc6 14.Nd5 Bxd5 15.exd5 Rc5
16.Bc4 O-O 17.Bb3 Nd7 18.Kb1 Bf6 19.Qf2 Ne5 20.Be3 Ng4 21.Qf3 Nxe3 22.Qxe3 Re8
23.Qf2 a5 24.Rhe1 Rxe1 25.Rxe1 b5 26.a4 b4 27.Re4 Rc8 28.Bc4 Be5 29.Bb5 Qg5
30.g4 b3 31.c4 Rf8 32.h4 Qg6 33.Qf5 Qh6 34.g5 Qh5 35.Qg4 Qg6 36.h5 f5 37.hxg6 fxg4
38.Re1 g3 39.c5 g2 40.Rg1 Rf2 41.c6 Rxb2+ 42.Kc1 Rc2+ 43.Kd1 Rc5 44.Ke2 hxg6
45.Bd3 Kf8 46.Rxg2 Rxd5 47.Rf2+ Ke7 48.Bc4 b2 49.Bxd5 b1=Q 50.Rf7+ Ke8 51.c7 Qb2+
52.Kd3 Qd4+ 53.Ke2 Qg4+ 54.Kd3 Qd1+ 55.Ke3 Qc1+ 56.Kd3 Qc3+ 57.Ke2  0-1

[Event "Regionalliga SO9495"]
[Site "Bayern"]
[Date "1995.??.??"]
[Round "1"]
[White "Eckerl, Uwe"]
[Black "Seitz, Michael"]
[Result "1-0"]
[WhiteElo "2135"]
[BlackElo "2105"]

1.e4 c5 2.Nf3 d6 3.d4 cxd4 4.Nxd4 Nf6 5.Nc3 a6 6.Be3 e5 7.Nf3 Be7 8.Bc4 O-O
9.O-O Nbd7 10.a4 Qc7 11.Nd5 Nxd5 12.Bxd5 Nb6 13.Bxb6 Qxb6 14.Qd2 Kh8 15.Ra3 Rb8
16.Ng5 Bxg5 17.Qxg5 f6 18.Qd2 f5 19.Qg5 Qc7 20.Rh3 g6 21.Qxg6 fxe4 22.Rh6 Bf5
23.Qxd6 Qg7 24.Qb6 Bg6 25.Rh3 Rf4 26.c4 h5 27.Rg3 Kh7 28.Re1 e3 29.Rgxe3 Rf6
30.Qa7 Re8 31.Qxb7 Qxb7 32.Bxb7 Rb6 33.Bd5 Rxb2 34.f4 e4 35.Bxe4 Bxe4 36.Rxe4 Rd8
37.Re5 Rd4 38.Rxh5+ Kg6 39.Rg5+ Kf6 40.Kh1 Rxf4 41.Rc5 Rff2 42.Rg1 Rbc2 43.h3 Kg6
44.Rc6+ Kh7 45.Kh2 Rfd2 46.Rxa6 Rxc4 47.Rb1 Rc7 48.Rab6 Rg7 49.Rg1 Ra2 50.Rb4 Rg6
51.h4 Kh6 52.Kh3 Ra3+ 53.g3 Rg7 54.Rb6+ Kh5 55.Rb5+ Kh6 56.Ra5 Rg6 57.Rg2 Rg7
58.Ra6+ Kh5 59.Ra8 Kh6 60.a5 Kg6 61.a6 Kh6 62.a7 Kh7 63.h5 Rgxa7 64.Rxa7+ Rxa7
65.Kh4 Ra1 66.Re2 Rg1 67.g4 Ra1 68.Re7+ Kg8 69.h6 Rh1+ 70.Kg5 Rg1 71.Kh5 Ra1
72.g5 Ra5 73.Kg6 Ra6+ 74.Kf5 Ra5+ 75.Kf6 Ra6+ 76.Re6 Ra8 77.g6 Rf8+ 78.Ke5 Ra8
79.Rc6 Re8+ 80.Kf6 Kh8 81.Kf7 Rf8+ 82.Ke7 Ra8 83.Rd6  1-0

[Event "Regionalliga SO9495"]
[Site "Bayern"]
[Date "1995.??.??"]
[Round "2"]
[White "Wolowski, Vincent"]
[Black "Knechtel, Roland"]
[Result "0-1"]
[WhiteElo "2085"]
[BlackElo "2105"]

1.e4 c5 2.Nf3 d6 3.d4 cxd4 4.Nxd4 Nf6 5.Nc3 a6 6.Be3 e6 7.f3 b5 8.Qd2 Nbd7
9.g4 Nb6 10.a3 Qc7 11.g5 Nfd7 12.f4 Bb7 13.f5 e5 14.Nf3 Nc5 15.Bxc5 Qxc5
16.O-O-O b4 17.axb4 Qxb4 18.Nd5 Nxd5 19.exd5 Qa4 20.Kb1 Rc8 21.b3 Qa3 22.Bc4 Rxc4
23.bxc4 Qxf3 24.Qb4 Bc8 25.c5 Qxf5 26.Rhe1 Qd7 27.c6 Qg4 28.Rd4 Qxg5 29.Qb8 Qd8
30.Rxe5+ Be7 31.Re3 O-O 32.Rde4 Bf6 33.c7 Qd7 34.Rb4 Qf5 35.Re1 Bc3  0-1

[Event "Tan Cup"]
[Site "Beijing"]
[Date "1995.??.??"]
[Round "8"]
[White "Xie Jun"]
[Black "Stangl, Markus"]
[Result "1/2-1/2"]
[WhiteElo "2540"]
[BlackElo "2560"]

1.e4 c5 2.Nf3 d6 3.d4 cxd4 4.Nxd4 Nf6 5.Nc3 a6 6.Be3 e5 7.Nf3 Qc7 8.a4 Be7
9.a5 O-O 10.Be2 Nbd7 11.O-O b5 12.axb6 Nxb6 13.Nd2 Bb7 14.Bxb6 Qxb6 15.Nc4 Qc5
16.Bd3 a5 17.Qd2 d5 18.exd5 Nxd5 19.Rxa5 Rxa5 20.Ne4 Qb4 21.Nxa5 Qxb2 22.Nc4 Qb4
23.c3 Qa4 24.Nxe5 Qa5 25.c4 Nb4 26.c5 Bxe4 27.Bxe4 Qxc5 28.Nd7 Rd8 29.g3 Qd6
30.Qxd6 Bxd6  1/2-1/2

[Event "Lee Cup"]
[Site "Beijing"]
[Date "1995.??.??"]
[Round "10"]
[White "Wang Zili"]
[Black "Stangl, Markus"]
[Result "1/2-1/2"]
[WhiteElo "2525"]
[BlackElo "2560"]

1.e4 c5 2.Nf3 d6 3.d4 cxd4 4.Nxd4 Nf6 5.Nc3 a6 6.Be3 e5 7.Nb3 Be7 8.f3 Be6
9.Qd2 Nbd7 10.g4 h6 11.O-O-O b5 12.Nd5 Bxd5 13.exd5 Nb6 14.Bxb6 Qxb6 15.h4 a5
16.Qd3 Rb8 17.Nd2 Qc5 18.Ne4 Nxe4 19.Qxe4 O-O 20.Kb1 f5 21.Qe1 Qb4 22.Qxb4 axb4
23.Bd3 e4 24.fxe4 fxg4 25.h5 Rf4 26.Rdf1  1/2-1/2

[Event "Belfort"]
[Site "Belfort"]
[Date "1995.??.??"]
[Round "3"]
[White "Apicella, Manuel"]
[Black "Hauchard, Arnaud"]
[Result "1/2-1/2"]
[WhiteElo "2505"]
[BlackElo "2445"]

1.e4 c5 2.Nf3 d6 3.d4 cxd4 4.Nxd4 Nf6 5.Nc3 a6 6.Be3 e5 7.Nb3 Be6 8.Qd2 Nbd7
9.f3 Be7 10.g4 Rc8 11.g5 Nh5 12.Rg1 Nb6 13.O-O-O Qc7 14.Kb1 O-O 15.Qf2 Nc4
16.Bxc4 Bxc4 17.Nd2 Be6 18.Nf1 f5 19.Qh4 g6 20.Ng3 Ng7 21.exf5 Nxf5 22.Nxf5 Rxf5
23.Qe4 Qc6 24.Rg3 Rf7 25.a4 Bf5 26.Qd5 Qxd5 27.Rxd5 Be6 28.Rd3 Rcf8 29.Ne4 d5
30.Nc5 Bxc5 31.Bxc5 Rc8 32.b4 d4 33.a5 Bf5 34.Rd2 Rd7 35.Kb2 Rd5 36.Rg1 Kf7
37.Re1 Rdxc5 38.bxc5 Rxc5 39.Ra1 Rb5+ 40.Kc1 Ke6 41.Rb1 Rxb1+ 42.Kxb1 Bh3
43.Kb2 Kf5 44.c3 dxc3+ 45.Kxc3 Kxg5 46.Rb2 Bc8 47.Rb4 h5 48.Kc4 Kf4 49.Kd5+ Kxf3
50.Kxe5 g5 51.Kf6 g4 52.Kg5 Kg2 53.Rb2+ Kh3 54.Kxh5 Be6 55.Rxb7 Kxh2 56.Rb2+ Kh3
57.Rb6 g3 58.Rxe6 g2 59.Re1 Kh2 60.Kg4  1/2-1/2

[Event "Belfort"]
[Site "Belfort"]
[Date "1995.??.??"]
[Round "7"]
[White "Renet, Olivier"]
[Black "Landenbergue, Claude"]
[Result "1-0"]
[WhiteElo "2530"]
[BlackElo "2430"]

1.e4 c5 2.Nf3 d6 3.d4 cxd4 4.Nxd4 Nf6 5.Nc3 a6 6.Be3 e5 7.Nb3 Be6 8.Qd2 Be7
9.f3 O-O 10.O-O-O b5 11.g4 b4 12.Nd5 Bxd5 13.exd5 a5 14.Qd3 Nfd7 15.Kb1 Bg5
16.Bf2 Bf4 17.Qb5 Qc7 18.Nd2 Rc8 19.Bd3 Bxd2 20.Rxd2 g6 21.h4 Nc5 22.h5 Nbd7
23.hxg6 fxg6 24.Bxc5 Nxc5 25.Bxg6 hxg6 26.Rdh2 Qg7 27.Rh3 Nd7 28.Rh8+ Qxh8
29.Rxh8+ Kxh8 30.Qxd7 e4 31.Qxd6 Rf8 32.Qe5+ Kh7 33.Qe7+ Kh6 34.g5+ Kh5 35.Qxe4 Kxg5
36.a3 Rfe8 37.Qg4+ Kf6 38.Qd4+ Kf7 39.axb4  1-0

[Event "Belfort"]
[Site "Belfort"]
[Date "1995.??.??"]
[Round "8"]
[White "Santo Roman, Marc"]
[Black "Landenbergue, Claude"]
[Result "0-1"]
[WhiteElo "2465"]
[BlackElo "2430"]

1.e4 c5 2.Nf3 d6 3.d4 cxd4 4.Nxd4 Nf6 5.Nc3 a6 6.Be3 e5 7.Nb3 Be6 8.Qd2 Be7
9.f3 O-O 10.O-O-O a5 11.Kb1 a4 12.Nc1 Ra5 13.Nd3 a3 14.b3 Nc6 15.Na4 Rxa4
16.bxa4 Qa8 17.Nb4 d5 18.Nxd5 Nxd5 19.exd5 Bxd5 20.Bb5 Be6 21.c3 Qa5 22.Rc1 Rc8
23.Rhd1 h6 24.Qf2 Bf5+ 25.Bd3 Bxd3+ 26.Rxd3 Qxa4 27.Qc2 Qb5+ 28.Ka1 Nb4 29.Qb3 Qxd3
30.cxb4 Rxc1+ 31.Bxc1 Qxb3 32.axb3 Bxb4 33.Ka2 f5 34.Bxa3 Bxa3 35.Kxa3 Kf7
36.Kb4 Ke6 37.Kc5 g5 38.b4 b6+ 39.Kxb6 e4 40.fxe4 fxe4  0-1

[Event "Belgrade Minex"]
[Site "Belgrade"]
[Date "1995.??.??"]
[Round "5"]
[White "Damjanovic, Vladimir"]
[Black "Shneider, Aleksandr"]
[Result "1-0"]
[WhiteElo "2440"]
[BlackElo "2530"]

1.e4 c5 2.Nf3 d6 3.d4 cxd4 4.Nxd4 Nf6 5.Nc3 a6 6.Be3 e6 7.Be2 Qc7 8.f4 b5
9.Bf3 Bb7 10.O-O Nbd7 11.Kh1 b4 12.Na4 Nxe4 13.c3 b3 14.Qxb3 Be7 15.Rae1 d5
16.f5 e5 17.Bxe4 dxe4 18.f6 Bxf6 19.Ne6 Qc6 20.Nxg7+ Kf8 21.Nf5 h5 22.Rd1 Rh7
23.Rd6 Qb5 24.Qxb5 axb5 25.Nb6 Nxb6 26.Rxb6 Bc8  1-0

[Event "Berga op"]
[Site "Berga"]
[Date "1995.??.??"]
[Round "9"]
[White "Korneev, Oleg"]
[Black "Gros Fernandez, Jordi"]
[Result "1-0"]
[WhiteElo "2605"]
[BlackElo "2360"]

1.e4 c5 2.Nf3 d6 3.d4 cxd4 4.Nxd4 Nf6 5.Nc3 a6 6.Be3 e5 7.Nb3 Be6 8.f3 Be7
9.Qd2 Nbd7 10.g4 h6 11.O-O-O b5 12.Qf2 Qc7 13.h4 b4 14.Nd5 Bxd5 15.exd5 a5
16.Bb5 a4 17.Na1 Bd8 18.Bc6 Ra5 19.g5 hxg5 20.Bxg5 Kf8 21.Qd2 Nb8 22.Qxb4 Nxc6
23.dxc6 Be7 24.c3 Ra6 25.Bxf6 gxf6 26.Nc2 Qxc6 27.Qe4 Qxe4 28.fxe4 f5 29.exf5 Rxh4
30.Rxh4 Bg5+ 31.Kb1 Bxh4 32.Nb4 Rb6 33.Nd5 Ra6 34.Rh1 Ra5 35.c4 Bg5 36.b4 axb3
37.axb3 Ke8 38.Kb2 Kd7 39.Rh7 Ke8 40.b4 Ra7 41.b5 e4 42.Rh8+ Kd7 43.Rf8 Ra5
44.Rxf7+  1-0